000 00715cam a22002531 4500
001 24283
003 BD-RjUL
005 20211209001030.0
008 140313s1962 enkf 001 0 eng
035 _a(BD-RjUL)24349
035 _a(OCoLC)386972
040 _aDLC
_cODaWU
_dDLC
_dBD-RjUL
_beng
041 _aeng
082 _a922.2
_bTRN 1962
100 1 _aTrevor, Meriol.
_974797
245 1 0 _aNewman :
_blight in winter /
_cby Meriol Trevor.
260 _aLondon :
_bMacmillan,
_cc1962.
300 _axiv, 659 p. :
_bPlates ;
_c22 cm.
504 _aIncludes bibliography and index.
600 1 0 _aNewman, John Henry,
_d1801-1890
_974801
942 _2ddc
_cBK
999 _c24283
_d24283